000 00892cab a2200289 4500
001 ABS50059
008 090401t1994 xxu||||| |||| 00| 0 eng d
035 _a(Sirsi) u73915
041 _aeng
100 _aKeyes, J.
245 _aUrbane regeneration?
260 _c1994
350 _a0
490 _aPlanning Week
_v2(4) 27 January 1994, 14-15(2)
520 _aExamines new initiatives on urban policies and assesses the objectives behind English Partnerships and the Single Regeneration Budget.
650 _aCITY GRANT
650 _aDIRECT LAND GRANT
650 _aENGLISH ESTATES
650 _aENGLISH PARTNERSHIPS
650 _aGOVERNMENT POLICY
650 _aLEASEHOLD REFORM, HOUSING AND URBAN DEVELOPMENT ACT 1993
650 _aSINGLE REGENERATION BUDGET
650 _aURBAN REGENERATION AGENCY
690 _aURBAN RENEWAL
942 _n0
948 _c04/03/1997
999 _c46650
_d46650